3 Pays les plus médaillés aux jeux olympiques d'été par sport - Statistiques

Statistiques générales
  • Ce quiz a été pris 1 028 fois
    368 depuis la dernière actualisation
  • Le résultat moyen est 98 sur 113
Statistiques - réponses
Sport Pays Nombre de Médailles % Correct
Athlétisme 1 États Unis 861
100%
Aviron 1 États Unis 91
100%
Baseball 2 États Unis 4
100%
Basket-ball 1 États Unis 32
100%
Basket-ball 3x3 1 États Unis 2
100%
Boxe 1 États Unis 114
100%
Équitation 2 États Unis 55
100%
Escalade 1 États Unis 3
100%
Football 2 États Unis 9
100%
Golf 1 États Unis 14
100%
Gymnastique 2 États Unis 114
100%
Haltérophilie 3 États Unis 48
100%
Lutte 1 États Unis 158
100%
Natation 1 États Unis 606
100%
Skateboard 3 États Unis 5
100%
Surf 2 États Unis 2
100%
Taekwondo 3 États Unis 11
100%
Softball 1 États Unis 5
100%
Tennis 2 États Unis 41
100%
Tir 1 États Unis 121
100%
Tir à l'arc 2 États Unis 16
100%
Triathlon 3 États Unis 5
100%
Voile 2 États Unis 62
100%
Volley-ball 1 États Unis 13
100%
Badminton 1 Chine 52
99%
Haltérophilie 1 Chine 67
99%
Taekwondo 2 Chine 13
99%
Tennis de Table 1 Chine 66
99%
Tir 2 Chine 77
99%
Breaking 3 France 1
99%
Cyclisme 2 France 109
99%
Escrime 2 France 130
99%
Handball 1 France 8
99%
Judo 2 France 67
99%
Rugby 3 France 2
99%
Surf 3 France 2
99%
Tennis 3 France 19
99%
Voile 3 France 51
99%
Baseball 2 Japon 4
98%
Breaking 1 Japon 1
98%
Escalade 1 Japon 3
98%
Gymnastique 3 Japon 97
98%
Judo 1 Japon 104
98%
Karaté 1 Japon 3
98%
Skateboard 1 Japon 9
98%
Softball 2 Japon 4
98%
Tennis de Table 3 Japon 10
98%
Basket-ball 2 Russie 16
95%
Aviron 3 Allemagne 64
94%
Basket-ball 3x3 3 Allemagne 1
94%
Canoë Kayak 2 Allemagne 83
94%
Équitation 1 Allemagne 75
94%
Karaté 2 Espagne 2
94%
Athlétisme 2 Royaume Uni 220
94%
Aviron 2 Royaume Uni 78
94%
Boxe 3 Royaume Uni 63
94%
Cyclisme 1 Royaume Uni 116
94%
Golf 2 Royaume Uni 4
94%
Tennis 1 Royaume Uni 43
94%
Triathlon 1 Royaume Uni 11
94%
Voile 1 Royaume Uni 66
94%
Hockey sur Gazon 3 Australie 13
91%
Natation 2 Australie 231
91%
Softball 3 Australie 4
91%
Triathlon 3 Australie 5
91%
Football 1 Brésil 10
91%
Skateboard 2 Brésil 5
91%
Surf 1 Brésil 3
91%
Volley-ball 3 Brésil 12
91%
Basket-ball 3x3 2 Russie 2
91%
Breaking 1 Canada 1
90%
Cyclisme 3 Italie 70
89%
Escrime 1 Italie 135
89%
Tir à l'arc 3 Italie 9
89%
Badminton 3 Corée du Sud 22
87%
Judo 3 Corée du Sud 51
87%
Taekwondo 1 Corée du Sud 25
87%
Tennis de Table 2 Corée du Sud 20
87%
Tir à l'arc 1 Corée du Sud 43
87%
Équitation 3 Suède 45
84%
Pentathlon Moderne 2 Suède 21
84%
Tir 3 Suède 58
84%
Handball 2 Norvège 8
81%
Golf 3 Nouvelle Zélande 3
81%
Rugby 1 Nouvelle Zélande 4
81%
Triathlon 3 Nouvelle Zélande 5
81%
Basket-ball 3x3 3 Pays Bas 1
81%
Hockey sur Gazon 1 Pays Bas 20
81%
Hockey sur Gazon 2 Inde 13
78%
Basket-ball 3 Serbie 11
75%
Handball 3 Danemark 7
73%
Athlétisme 3 Union Soviétique 193
68%
Canoë Kayak 3 Union Soviétique 51
68%
Gymnastique 1 Union Soviétique 184
68%
Haltérophilie 2 Union Soviétique 62
68%
Lutte 2 Union Soviétique 116
68%
Pentathlon Moderne 3 Union Soviétique 15
68%
Volley-ball 2 Union Soviétique 12
68%
Canoë Kayak 1 Hongrie 93
63%
Escrime 3 Hongrie 93
63%
Football 3 Hongrie 5
63%
Pentathlon Moderne 1 Hongrie 24
63%
Baseball 1 Cuba 5
62%
Boxe 2 Cuba 79
62%
Triathlon 2 Suisse 6
61%
Escalade 3 Autriche 3
57%
Rugby 2 Fidji 4
56%
Badminton 2 Indonésie 22
48%
Natation 3 Allemagne de l'Est 92
38%
Breaking 3 Lituanie 1
35%
Lutte 3 Iran 86
34%
Karaté 3 Égypte 2
32%
Basket-ball 3x3 3 Lettonie 1
32%
Aucun quiz correspondant
Distribution des résultats
% des personnes avec chaque résultat
Percentile par nombre de réponses
Votre historique - résultats
Vous n’avez pas pris ce quiz depuis la dernière actualisation